Pays du Monde en 3 minutes - Statistiques

Statistiques générales
  • Ce quiz a été pris 52 fois
  • Le résultat moyen est 75 sur 196
Réponses sur la Carte
Les réponses sont colorées sur une échelle allant du rouge au vert en fonction du pourcentage des utilisateurs qui les ont devinées à leur premier essai. Vous pouvez retrouver ces pourcentages ci-dessous.
 
Statistiques - réponses
Réponse % Correct
France
98%
États-Unis
93%
Russie
91%
Brésil
89%
Canada
89%
Espagne
89%
Allemagne
87%
Mexique
87%
Irlande
84%
Italie
84%
Maroc
82%
Portugal
82%
Argentine
80%
Chili
80%
Islande
80%
Algérie
78%
Chine
78%
Australie
73%
Suède
73%
Turquie
73%
Pérou
71%
Royaume-Uni
71%
Suisse
71%
Belgique
69%
Colombie
69%
Inde
69%
Japon
69%
Norvège
69%
Égypte
67%
Tunisie
67%
Ukraine
67%
Danemark
64%
Grèce
64%
Iran
62%
Libye
62%
Pologne
62%
Bolivie
60%
Irak
60%
Pays-Bas
60%
Autriche
56%
Finlande
56%
Corée du Sud
53%
Croatie
53%
Cuba
53%
Mongolie
53%
République démocratique du Congo
53%
Uruguay
53%
Vénézuela
53%
Andorre
51%
Équateur
51%
Mali
51%
République du Congo
51%
Estonie
49%
Lettonie
49%
Paraguay
49%
Corée du Nord
47%
Éthiopie
47%
Lituanie
47%
Niger
47%
Oman
47%
Afrique du Sud
44%
Nigéria
44%
Pakistan
44%
Guatemala
42%
Indonésie
42%
Syrie
42%
Togo
42%
Yémen
42%
Ghana
40%
Guyana
40%
Monaco
40%
République Tchèque
40%
Roumanie
40%
Somalie
40%
Soudan
40%
Albanie
38%
Angola
38%
Arabie Saoudite
38%
Bosnie-Herzégovine
38%
Honduras
38%
Nicaragua
38%
Panama
38%
Qatar
38%
Sénégal
38%
Slovaquie
38%
Afghanistan
36%
Biélorussie
36%
Chypre
36%
Guinée
36%
Liban
36%
Madagascar
36%
Slovenie
36%
Tchad
36%
Bulgarie
33%
Émirats arabes unis
33%
Hongrie
33%
Kosovo
33%
Malte
33%
Salvador
33%
Thaïlande
33%
Bahamas
31%
Cameroun
31%
Israël
31%
Luxembourg
31%
Moldavie
31%
Vatican
31%
Bénin
29%
Costa Rica
29%
Haïti
29%
Jamaïque
29%
Jordanie
29%
Mauritanie
29%
Namibie
29%
Philippines
29%
Suriname
29%
Tanzanie
29%
Viet Nam
29%
Belize
27%
Kenya
27%
Népal
27%
Nouvelle-Zélande
27%
Saint-Marin
27%
Sri Lanka
27%
Antigua-et-Barbuda
24%
Bangladesh
24%
Djibouti
24%
Gabon
24%
Kazakhstan
24%
Macédoine du Nord
24%
Monténégro
24%
Serbie
24%
Soudan du Sud
24%
Arménie
22%
Barbade
22%
Cambodge
22%
Cap-Vert
22%
Comores
22%
Érythree
22%
Eswatini
22%
Gambie
22%
Grenade
22%
Laos
22%
Lesotho
22%
Malaisie
22%
Mozambique
22%
Ouzbékistan
22%
Rwanda
22%
Seychelles
22%
Zimbabwe
22%
Botswana
20%
Burkina Faso
20%
Dominique
20%
Koweït
20%
Ouganda
20%
Saint-Vincent-et-les-Grenadines
20%
Singapour
20%
Zambie
20%
Bahreïn
18%
Côte d'Ivoire
18%
Fidji
18%
Géorgie
18%
Île Maurice
18%
République dominicaine
18%
Saint-Christophe-et-Niévès
18%
Samoa
18%
Sao Tomé-et-Principe
18%
Tonga
18%
Tuvalu
18%
Birmanie
16%
Brunei
16%
Burundi
16%
Îles Marshall
16%
Libéria
16%
Malawi
16%
Maldives
16%
Palaos
16%
République centrafricaine
16%
Sainte-Lucie
16%
Salomon
16%
Taïwan
16%
Turkménistan
16%
Azerbaïdjan
13%
Bhoutan
13%
Guinée-Bissau
13%
Kiribati
13%
Liechtenstein
13%
Nauru
13%
Papouasie-Nouvelle-Guinée
13%
Sierra Leone
13%
Tadjikistan
13%
Vanuatu
13%
Kirghizistan
11%
Trinité-et-Tobago
11%
Micronésie
7%
Timor oriental
7%
Guinée équatoriale
4%
Aucun quiz correspondant
Distribution des résultats
% des personnes avec chaque résultat
Percentile par nombre de réponses
Votre historique - résultats
Vous n’avez pas pris ce quiz